| 000 | 00968nam a22003017a 4500 | ||
|---|---|---|---|
| 001 | 4855 | ||
| 003 | FISKH | ||
| 005 | 20250704135744.0 | ||
| 008 | 241018b cb ||||| |||| 00| 0 eng d | ||
| 020 | _a9780064442701 | ||
| 040 |
_aFISKH _beng _cFISKH _dFISKH |
||
| 050 | _aPZ7.H672 | ||
| 082 | _a813.54 | ||
| 100 |
_aHoff, Syd _d(1912–2004) |
||
| 245 |
_aSammy the seal / _cstory and pictures by Syd Hoff |
||
| 250 | _a2000 | ||
| 260 |
_aNew York : _bHarperCollins, _c2000. |
||
| 300 |
_a64 pages : _bcolor illustrations ; _c23 cm |
||
| 505 | _aG | ||
| 520 | _aAnxious to see what life is like outside the zoo, Sammy the seal explores the city, goes to school, and plays with the children but decides that there really is no place like home. | ||
| 521 | 8 |
_a380L
_bLexile |
|
| 521 | 8 |
_aG
_bRaz-Plus |
|
| 650 |
_2Animals _aEasy reader |
||
| 650 |
_2Fiction _aPicture book |
||
| 700 |
_aHoff, Syd _dIllustrator |
||
| 942 |
_2ddc _cBK _n0 |
||
| 999 |
_c4855 _d4855 |
||